LEADER 01186nam a2200241 i 4500 001 000000149977 003 CaOOAMICUS 005 20060504000000.0 008 060504s2002 it u000 u ita u 013 $a127309 040 $aSeMil$bita 245 10$aMaciachini architetto e restauratore :$bAtti del Convegno di Induno Olona, 15 maggio 1999 /$ca cura di Luca Rinaldi. 260 $aInduno Olona :$bComune di Induno Olona,$ccopyr. 2002. 300 $a135 p., [24] p. di tav. :$bill. ;$c30 cm. 500 $aIn occhietto : Dedica autografa del Sindaco di Induno Olona al Card. Dionigi Tettamanzi. - Dono del Card. Dionigi Tettamanzi. 650 4$aMaciachini, Carlo - Congressi - 1999.$0(OLS)http://semarc/subject/29329 700 1 $aRinaldi, Luca.$0(OLS)http://semarc/name/38000 850 $aSeMil 852 $aSeMil$W1$xVenegono$y1$m5U XI 19$j102155$B102155$CSeMilBibl$Z2$F110910 $8I 941 1 $a5 961 $aOmaggio: Tettamanzi Card. Dionigi 996 $6245$aMaciachini architetto e restauratore :$bAtti del Convegno di Induno Olona, 15 maggio 1999$9(OLS)http://semarc/title/219270 996 $6260$aInduno Olona :$bComune di Induno Olona$9(OLS)http://semarc/publisher/47911 LEADER 00962nam a2200205 i 4500 001 000000038177 003 CaOOAMICUS 005 20110314000000.0 008 110314n it u000 u ita u 013 $a8582 040 $aSeMil$bita 245 10$aIrma :$bballo di mezzo carattere del coreografo Edoardo Viganò : rappresentato nel Teatro Vittorio Emanuele di Rimini nel carnevale 1872-73. 260 $aRimini :$bTip. Albertini e C.,$c[1873] 300 $a8 p. ;$c18 cm. 700 1 $aViganò, Edoardo .$0(OLS)http://semarc/name/18311 773 0 $t[Miscellanea.$w()1250 850 $aSeMil 852 $aSeMil$W1$xVenegono$y1$m5B I 19/1 FA$j4332$B4332$CSeMilBibl$Z2$F4332 $8I 996 $6245$aIrma :$bballo di mezzo carattere del coreografo Edoardo Viganò : rappresentato nel Teatro Vittorio Emanuele di Rimini nel carnevale 1872-73$9(OLS)http://semarc/title/53774 996 $6260$aRimini :$bTip. Albertini e C.$9(OLS)http://semarc/publisher/39951 LEADER 00916nam a2200241 i 4500 001 000000076397 003 CaOOAMICUS 005 20071003000000.0 008 071003s1972 it u000 u ita u 013 $a47569 040 $aSeMil$bita 100 1 $aRagni, Eugenio.$0(OLS)http://semarc/name/7074 245 10$a[Francesco Jovine /$cdi Eugenio Ragni]. 260 $aFirenze :$bLa Nuova Italia,$c1972. 300 $a157 p. ;$c17 cm. 490 0 $aIl castoro ;$v61 500 $aContiene : Note bibliografiche ; Notizie biografiche. 650 4$aJovine, Francesco.$0(OLS)http://semarc/subject/15623 830 3$aIl castoro ;$v61.$0(OLS)http://semarc/title/659 850 $aSeMil 852 $aSeMil$W1$xVenegono$y1$m1L II 56$j42549$B42549$CSeMilBibl$Z2$F42553 $81 996 $6245$a[Francesco Jovine$9(OLS)http://semarc/title/123825 996 $6260$aFirenze :$bLa Nuova Italia$9(OLS)http://semarc/publisher/30055